000 00954nam a2200301Ia 4500
001 21290761
003 OSt
005 20210915192034.0
008 900627s1990 enk b 00110 eng d
010 _agb90-20078
015 _aGB90-20078
020 _a1850752508 :
040 _aUKM
_cUKM
_dBPS
050 1 4 _aBS1560
082 0 4 _a224.90
_220
_bH842U
100 1 0 _aHouse, Paul R.,
_d1958-
245 1 4 _aThe unity of the Twelve /
_cPaul R. House
260 0 _aSheffield, Eng. :
_bAlmond Press,
_c1990
300 _a262 p. ;
_c22 cm
490 1 _aJournal for the study of the Old Testament supplement series ;
_v97
490 1 _aBible and literature series ;
_v27
500 _aIncludes indexes
504 _aBibliography: p. [247]-252
630 0 0 _aBible.
_pMinor Prophets
_xCriticism, Textual
830 0 _aJournal for the study of the Old Testament.
_pSupplement series ;
_v97
830 0 _aBible and literature series ;
_v27
942 _2ddc
_cBK
999 _c10810
_d10810